[Event "FRA-ch op-A"]
[Site "Pau"]
[Date "2012.08.15"]
[Round "2"]
[White "Gicquel, Frederic"]
[Black "Ferrigno, Jean Pierre"]
[Result "1-0"]
[WhiteElo "2194"]
[BlackElo "2071"]
[PlyCount "61"]
[EventDate "2012.08.14"]
[EventType "swiss"]
[EventRounds "11"]
[EventCountry "FRA"]
[SourceTitle "CBM 150 Extra"]
[Source "ChessBase"]
[SourceDate "2012.10.19"]
[SourceVersion "1"]
[SourceVersionDate "2012.10.19"]
[SourceQuality "1"]

1. e4 g6 2. d4 Bg7 3. c4 d6 4. Nc3 a6 5. Nf3 Bg4 6. Be2 Nc6 7. Be3 e5 8. d5 Bxf3 9. Bxf3 Nd4 10. Be2 c5 11. Qd2 Ne7 12. 0-0 0-0 13. Rab1 f5 14. f3 f4 15. Bf2 b6 16. b4 Qc7 17. bxc5 bxc5 18. Rb2 Rfb8 19. Rfb1 g5 20. Bd1 Nec6 21. Na4 Bf6 22. Be1 Bd8 23. Kh1 h6 24. g3 Qa7 25. Qg2 Rxb2 26. Qxb2 fxg3 27. hxg3 Bc7 28. Qg2 Kg7 29. Qh3 Rb8 30. Qd7+ Kg8 31. Rc1 1-0

[Event "FRA-chT1A 0607"]
[Site "France"]
[Date "2007.03.10"]
[Round "10.5"]
[White "Daurelle, Herve"]
[Black "Gicquel, Frederic"]
[Result "1-0"]
[WhiteElo "2221"]
[BlackElo "2237"]
[PlyCount "87"]
[EventDate "2006.10.15"]
[EventType "team-tourn"]
[EventRounds "11"]
[EventCountry "FRA"]
[SourceTitle "EXT 2008"]
[Source "ChessBase"]
[SourceDate "2007.11.25"]
[SourceVersion "1"]
[SourceVersionDate "2007.11.25"]
[SourceQuality "1"]
[WhiteTeam "Clichy II"]
[BlackTeam "Guingamp"]
[WhiteTeamCountry "FRA"]
[BlackTeamCountry "FRA"]

1. e4 c6 2. d4 d5 3. exd5 cxd5 4. c4 Nf6 5. Nc3 Nc6 6. cxd5 Nxd5 7. Nf3 Bg4 8. Qb3 Bxf3 9. gxf3 e6 10. Qxb7 Nxd4 11. Bb5+ Nxb5 12. Qc6+ Ke7 13. Qxb5 Qd7 14. Nxd5+ Qxd5 15. Qxd5 exd5 16. Bf4 Ke6 17. 0-0-0 Rd8 18. Rhe1+ Kf5 19. Be3 Bb4 20. Rg1 g6 21. Rg4 Be7 22. Ra4 Rd7 23. Rxa7 Rxa7 24. Bxa7 Ra8 25. Be3 Rxa2 26. Rxd5+ Ke6 27. Rb5 Bd6 28. Rb6 Kd5 29. Rb7 Bxh2 30. Kb1 Ra4 31. Rxf7 h5 32. Rf6 Be5 33. Rxg6 Rb4 34. Bc1 Bf4 35. Bxf4 Rxf4 36. Rg5+ Kc4 37. Rxh5 Rxf3 38. Rh2 Kb3 39. Rg2 Kc4 40. Kc1 Kb4 41. Kd1 Rb3 42. Rg8 Kc4 43. Rc8+ Kd4 44. Rd8+ 1-0

[Event "FRA-chT1A 0607"]
[Site "France"]
[Date "2006.12.06"]
[Round "4.3"]
[White "Gicquel, Frederic"]
[Black "Lagarde, Maxime"]
[Result "0-1"]
[WhiteElo "2237"]
[BlackElo "2169"]
[PlyCount "114"]
[EventDate "2006.10.15"]
[EventType "team-tourn"]
[EventRounds "11"]
[EventCountry "FRA"]
[SourceTitle "EXT 2008"]
[Source "ChessBase"]
[SourceDate "2007.11.25"]
[SourceVersion "1"]
[SourceVersionDate "2007.11.25"]
[SourceQuality "1"]
[WhiteTeam "Guingamp"]
[BlackTeam "Niort"]
[WhiteTeamCountry "FRA"]
[BlackTeamCountry "FRA"]

1. c4 e5 2. Nc3 Nf6 3. Nf3 Nc6 4. e4 Bb4 5. d3 d6 6. g3 h6 7. Bg2 Be6 8. 0-0 0-0 9. Nd5 Bc5 10. Rb1 a5 11. a3 Bxd5 12. cxd5 Nd4 13. Be3 Nxf3+ 14. Qxf3 Nd7 15. Bh3 Bxe3 16. Qxe3 a4 17. f4 exf4 18. Rxf4 c5 19. dxc6 bxc6 20. Rc1 c5 21. Bxd7 Qxd7 22. Rf5 Rab8 23. Rc2 Rb3 24. Rd5 Rfb8 25. Qf2 Qh3 26. Qd2 Qe6 27. Qe2 R8b6 28. Rf5 g6 29. Rf2 Qe5 30. Qf3 Rb7 31. Kg2 Qd4 32. Rcd2 Qg7 33. Qe2 Qe5 34. Kf1 d5 35. exd5 Qxd5 36. Qe4 Rd7 37. Qxd5 Rxd5 38. Ke2 c4 39. d4 Rdb5 40. Kd1 c3 41. bxc3 Rxc3 42. d5 Rxa3 43. d6 Ra1+ 44. Kc2 Rb8 45. Kc3 Rc1+ 46. Kd4 Rd8 47. Kd5 Kf8 48. Rf4 a3 49. Ra4 Rc3 50. Ra7 Re3 51. Kc6 Rc8+ 52. Kd7 Ree8 53. Rc7 Ra8 54. Ra2 Red8+ 55. Kc6 Ra6+ 56. Kb5 Rdxd6 57. Kb4 Rdb6+ 0-1

[Event "Fouesnant op 12th"]
[Site "Fouesnant"]
[Date "2006.10.29"]
[Round "3"]
[White "Gicquel, Frederic"]
[Black "Roche, Yves"]
[Result "0-1"]
[WhiteElo "2215"]
[BlackElo "2001"]
[PlyCount "134"]
[EventDate "2006.10.28"]
[EventType "swiss"]
[EventRounds "9"]
[EventCountry "FRA"]
[SourceTitle "EXT 2008"]
[Source "ChessBase"]
[SourceDate "2007.11.25"]
[SourceVersion "1"]
[SourceVersionDate "2007.11.25"]
[SourceQuality "1"]

1. d4 d5 2. Nf3 Nf6 3. c4 e6 4. Nc3 Be7 5. Bf4 c6 6. e3 Nbd7 7. Bd3 0-0 8. h3 Re8 9. 0-0 dxc4 10. Bxc4 Nd5 11. Bg3 Nxc3 12. bxc3 Nf8 13. Rb1 Bd6 14. Bxd6 Qxd6 15. Ne5 b5 16. Be2 Rb8 17. c4 a6 18. c5 Qc7 19. Bf3 Bb7 20. Qb3 Red8 21. Be4 f6 22. Nd3 Bc8 23. f4 a5 24. Rf2 Kh8 25. Qd1 f5 26. Bf3 Ng6 27. Bh5 Ne7 28. Ne5 g6 29. Bf3 Nd5 30. Qe1 Rf8 31. Rfb2 Ba6 32. a3 Bb7 33. h4 Rg8 34. Bxd5 exd5 35. Qg3 Qe7 36. Kf2 Rg7 37. Rh1 Rbg8 38. Kf3 Qf6 39. Qe1 Qd8 40. Rh3 h5 41. Ke2 Qc7 42. Rg3 Bc8 43. Rg5 Be6 44. Kd1 Bf7 45. Rf2 Be8 46. Rf3 Qa7 47. Rfg3 Kh7 48. Rf3 Rb7 49. Rf2 Rgg7 50. Rb2 Rb8 51. Rg3 Rgb7 52. Rf3 b4 53. a4 b3 54. Kd2 Rb4 55. Qa1 Qb7 56. Rf1 Rc4 57. Nd3 Qe7 58. g3 Qe4 59. Rf2 Bd7 60. Qa3 Re8 61. Ne5 Rxe5 62. fxe5 Rc3 63. Re2 Qd3+ 64. Ke1 Rc1+ 65. Kf2 Qd1 66. Kf3 Qh1+ 67. Rg2 Rc2 0-1

[Event "Breizh Masters 4th"]
[Site "Guingamp"]
[Date "2006.03.04"]
[Round "9"]
[White "Oleksienko, Mikhailo"]
[Black "Gicquel, Frederic"]
[Result "1-0"]
[WhiteElo "2509"]
[BlackElo "2229"]
[PlyCount "62"]
[EventDate "2006.02.26"]
[EventType "tourn"]
[EventRounds "9"]
[EventCountry "FRA"]
[EventCategory "4"]
[SourceTitle "CBM 111 Extra"]
[Source "ChessBase"]
[SourceDate "2006.05.09"]
[SourceVersion "1"]
[SourceVersionDate "2006.05.09"]
[SourceQuality "1"]

1. e4 c6 2. d4 d5 3. Nc3 dxe4 4. Nxe4 Bf5 5. Ng3 Bg6 6. h4 h6 7. N1e2 Nf6 8. Nf4 Bh7 9. Bc4 e6 10. 0-0 Bd6 11. Nxe6 fxe6 12. Bxe6 Qe7 13. Re1 Kd8 14. c4 Nbd7 15. Bd2 Kc7 16. Nf5 Bxf5 17. Bxf5 Qd8 18. c5 Be7 19. Bf4+ Kc8 20. Be6 Rf8 21. Bg3 Nd5 22. Bxd5 cxd5 23. Qe2 Bxh4 24. c6 Bxg3 25. cxd7+ Qxd7 26. fxg3 Kd8 27. Rf1 Rxf1+ 28. Rxf1 Qe8 29. Qf3 Qg8 30. Qf8+ Kc7 31. Rf7+ Kc6 1-0

[Event "Breizh Masters 4th"]
[Site "Guingamp"]
[Date "2006.03.01"]
[Round "5"]
[White "Gicquel, Frederic"]
[Black "Onkoud, Abdelaziz"]
[Result "1/2-1/2"]
[WhiteElo "2229"]
[BlackElo "2391"]
[PlyCount "62"]
[EventDate "2006.02.26"]
[EventType "tourn"]
[EventRounds "9"]
[EventCountry "FRA"]
[EventCategory "4"]
[SourceTitle "CBM 111 Extra"]
[Source "ChessBase"]
[SourceDate "2006.05.09"]
[SourceVersion "1"]
[SourceVersionDate "2006.05.09"]
[SourceQuality "1"]

1. d4 e6 2. c4 f5 3. g3 Nf6 4. Bg2 d5 5. Nf3 c6 6. b3 Bd6 7. 0-0 Qe7 8. a4 Nbd7 9. Ba3 0-0 10. Qc1 dxc4 11. bxc4 e5 12. e3 e4 13. Bxd6 Qxd6 14. c5 Qe7 15. Nfd2 Nd5 16. Nc4 g5 17. f3 N7f6 18. Nc3 Be6 19. Ne5 Nxc3 20. Qxc3 Bd5 21. f4 g4 22. Rfb1 Rac8 23. Rb2 Rc7 24. Rab1 Be6 25. a5 a6 26. Bf1 Kg7 27. Qd2 h5 28. Rb6 Rh8 29. Qb2 Bc8 30. Nc4 Nd5 31. Rb3 h4 1/2-1/2

[Event "FRA-chT2 0304"]
[Site "France"]
[Date "2004.03.14"]
[Round "9"]
[White "Gicquel, Frederic"]
[Black "Bujisho, Sophie"]
[Result "1-0"]
[WhiteElo "2151"]
[BlackElo "1960"]
[PlyCount "73"]
[EventDate "2003.10.??"]
[EventType "team"]
[EventRounds "11"]
[EventCountry "FRA"]
[SourceTitle "EXT 2005"]
[Source "ChessBase"]
[SourceDate "2004.11.15"]
[SourceVersion "1"]
[SourceVersionDate "2004.11.15"]
[SourceQuality "1"]

1. d4 Nf6 2. c4 e6 3. Nc3 Bb4 4. e3 b6 5. Qf3 d5 6. Nge2 Bb7 7. a3 Be7 8. Nf4 0-0 9. Bd3 c6 10. 0-0 Nbd7 11. cxd5 cxd5 12. Qh3 h6 13. Rd1 Bd6 14. Nxe6 Qe7 15. Nxf8 Nxf8 16. Bd2 N8h7 17. f4 Ne4 18. Nxe4 dxe4 19. Be2 Nf6 20. Rac1 Qe8 21. Qf5 Bc8 22. Qb5 Bd7 23. Qc4 b5 24. Qb3 a5 25. Re1 a4 26. Qd1 Qe6 27. Rf1 Nd5 28. Qe1 Qg6 29. Qh4 Be7 30. Qh5 Qd6 31. Qe5 Qxe5 32. fxe5 Bg5 33. Kf2 Rd8 34. Rc5 Nb6 35. Ba5 Rb8 36. Rfc1 f6 37. e6 1-0

[Event "FRA-chT2 0304"]
[Site "France"]
[Date "2004.01.17"]
[Round "5"]
[White "Gicquel, Frederic"]
[Black "Garrido, Denis"]
[Result "1/2-1/2"]
[WhiteElo "2151"]
[BlackElo "2295"]
[PlyCount "140"]
[EventDate "2003.10.??"]
[EventType "team"]
[EventRounds "11"]
[EventCountry "FRA"]
[SourceTitle "EXT 2005"]
[Source "ChessBase"]
[SourceDate "2004.11.15"]
[SourceVersion "1"]
[SourceVersionDate "2004.11.15"]
[SourceQuality "1"]

1. d4 Nf6 2. c4 c5 3. d5 d6 4. Nc3 g6 5. e4 Bg7 6. Nf3 0-0 7. Be2 e6 8. 0-0 exd5 9. cxd5 Na6 10. Nd2 Nc7 11. a4 Re8 12. f3 b6 13. Nc4 Ba6 14. Bg5 h6 15. Be3 Bxc4 16. Bxc4 a6 17. Kh1 Rb8 18. Qd3 Qc8 19. Ra3 Nd7 20. f4 f5 21. exf5 gxf5 22. Bd2 Nf6 23. Rb3 Ne4 24. Nxe4 Rxe4 25. Bc3 Bxc3 26. Rxc3 b5 27. Qg3+ Kh7 28. Bd3 Nxd5 29. Bxe4 Nxc3 30. bxc3 fxe4 31. f5 Qf8 32. Qg6+ Kh8 33. f6 Re8 34. f7 Re5 35. Rf4 e3 36. Rh4 h5 37. Rxh5+ Rxh5 38. Qxh5+ Kg7 39. Qg5+ Kxf7 40. Qxe3 bxa4 41. Qf3+ Ke7 42. Qb7+ Ke6 43. Qxa6 Qf4 44. Qc8+ Ke5 45. Qe8+ Kf5 46. Qd7+ Kf6 47. Qd8+ Kf7 48. Qd7+ Kg6 49. Qe6+ Qf6 50. Qg4+ Kf7 51. Qd7+ Kf8 52. Qc8+ Ke7 53. Qb7+ Ke6 54. Qc8+ Ke5 55. Qe8+ Kf5 56. Qd7+ Kg5 57. h3 a3 58. Qg4+ Kh6 59. Qc4 Qe5 60. Qh4+ Kg6 61. Qg4+ Kf6 62. Qh4+ Ke6 63. Qg4+ Qf5 64. Qc4+ Ke7 65. Qh4+ Kf7 66. Qc4+ Kf8 67. Qa6 a2 68. Qxa2 Qf1+ 69. Kh2 Qf4+ 70. g3 Qc1 1/2-1/2

[Event "Plancoet op 3rd"]
[Site "Plancoet"]
[Date "2003.08.03"]
[Round "9"]
[White "Parmentier, Xavier"]
[Black "Gicquel, Frederic"]
[Result "1/2-1/2"]
[WhiteElo "2347"]
[BlackElo "2139"]
[PlyCount "118"]
[EventDate "2003.07.26"]
[EventType "swiss"]
[EventRounds "9"]
[EventCountry "FRA"]
[SourceTitle "CBM 095 Extra"]
[Source "ChessBase"]
[SourceDate "2003.09.04"]
[SourceVersion "1"]
[SourceVersionDate "2003.09.04"]
[SourceQuality "1"]

1. c4 e5 2. Nc3 Nc6 3. g3 f5 4. Bg2 Nf6 5. e3 g6 6. Nge2 Bg7 7. 0-0 0-0 8. d3 d6 9. b3 Be6 10. Nd5 Qd7 11. Bb2 Nd8 12. Qd2 c6 13. Nxf6+ Bxf6 14. f4 Nf7 15. d4 Qc7 16. Nc3 exd4 17. exd4 Bd7 18. d5 c5 19. Nb5 Qd8 20. Bxf6 Qxf6 21. Nc7 Rac8 22. Ne6 Rfe8 23. Rae1 b6 24. Re3 Bxe6 25. dxe6 Rxe6 26. Rxe6 Qxe6 27. Re1 Qd7 28. Qe3 Kf8 29. Bd5 Re8 30. Be6 Qd8 31. Qc3 Ne5 32. Bd5 Nf7 33. Rxe8+ Qxe8 34. Kf2 Qe7 35. h4 Qd8 36. h5 gxh5 37. Be6 h4 38. Bxf5 hxg3+ 39. Kxg3 h6 40. Be6 Ke7 41. Bd5 Qg8+ 42. Kh4 Qg1 43. Kh5 Qh2+ 44. Kg4 Qe2+ 45. Kg3 a6 46. a3 a5 47. Bf3 Qe6 48. Bh5 Qf6 49. Qf3 Kf8 50. Qb7 Qe7 51. Qc8+ Kg7 52. Qg4+ Kf8 53. Qf5 Qe3+ 54. Kg2 Qd2+ 55. Kf1 Qc1+ 56. Ke2 Qb2+ 57. Ke1 Qc1+ 58. Kf2 Qb2+ 59. Ke1 Qc1+ 1/2-1/2

[Event "Plancoet op 3rd"]
[Site "Plancoet"]
[Date "2003.07.30"]
[Round "5"]
[White "Froeyman, Helmut"]
[Black "Gicquel, Frederic"]
[Result "1-0"]
[WhiteElo "2274"]
[BlackElo "2139"]
[PlyCount "69"]
[EventDate "2003.07.26"]
[EventType "swiss"]
[EventRounds "9"]
[EventCountry "FRA"]
[SourceTitle "CBM 095 Extra"]
[Source "ChessBase"]
[SourceDate "2003.09.04"]
[SourceVersion "1"]
[SourceVersionDate "2003.09.04"]
[SourceQuality "1"]

1. e4 c6 2. d4 d5 3. Nc3 g6 4. Nf3 Bg7 5. h3 Nf6 6. e5 Ne4 7. Nxe4 dxe4 8. Ng5 c5 9. Bc4 0-0 10. c3 cxd4 11. cxd4 Nc6 12. Be3 Qa5+ 13. Qd2 Qxd2+ 14. Kxd2 h6 15. Nxe4 Rd8 16. Kc3 Bf5 17. Nd2 Rac8 18. a4 Rc7 19. Rhd1 a6 20. a5 Rcd7 21. g4 Be6 22. Bxe6 fxe6 23. Ra4 g5 24. Rda1 Na7 25. Nb3 Nb5+ 26. Kc2 Rc7+ 27. Kb1 Rf8 28. Nd2 Rfc8 29. Ka2 Rc1 30. Rxc1 Rxc1 31. Rc4 Rh1 32. Rc8+ Kf7 33. Rb8 Rxh3 34. Rxb7 Rh4 35. Rxb5 1-0

[Event "Plancoet op 3rd"]
[Site "Plancoet"]
[Date "2003.07.29"]
[Round "4"]
[White "Gicquel, Frederic"]
[Black "Schuermans, Robert"]
[Result "1-0"]
[WhiteElo "2139"]
[BlackElo "2214"]
[PlyCount "106"]
[EventDate "2003.07.26"]
[EventType "swiss"]
[EventRounds "9"]
[EventCountry "FRA"]
[SourceTitle "CBM 095 Extra"]
[Source "ChessBase"]
[SourceDate "2003.09.04"]
[SourceVersion "1"]
[SourceVersionDate "2003.09.04"]
[SourceQuality "1"]

1. e4 e5 2. Nc3 Nf6 3. g3 Bc5 4. Bg2 Nc6 5. Nge2 d6 6. Na4 Bb6 7. Nxb6 axb6 8. 0-0 0-0 9. d4 Qe7 10. c3 Bd7 11. Qd3 Na5 12. Bg5 h6 13. Bd2 b5 14. b3 c5 15. Rad1 Nc6 16. d5 Nb8 17. Nc1 Ra3 18. f4 exf4 19. gxf4 c4 20. Qd4 Nh7 21. Rde1 Qh4 22. Re3 Ra6 23. Rg3 Qf6 24. e5 dxe5 25. fxe5 Qb6 26. Qxb6 Rxb6 27. Be3 Ra6 28. d6 Kh8 29. Bxb7 Ra3 30. Bd5 Be6 31. Bxe6 fxe6 32. Rxf8+ Nxf8 33. Bc5 Ra8 34. bxc4 bxc4 35. Rg4 Nbd7 36. Rxc4 Nxe5 37. Re4 Nfd7 38. Bb4 Rf8 39. c4 Nc6 40. a3 e5 41. Kg2 Rf5 42. Nd3 Nf6 43. Re2 e4 44. Nf2 Nd4 45. Rd2 Rg5+ 46. Kf1 Nf3 47. Rd1 e3 48. Nh1 Ng1 49. Re1 e2+ 50. Kf2 Ne4+ 51. Ke3 Re5 52. Kf4 Re8 53. Rxg1 Nxd6 1-0

[Event "Fouesnant op 07th"]
[Site "Fouesnant"]
[Date "2001.10.30"]
[Round "5"]
[White "Soyer, Jean Yves"]
[Black "Gicquel, Frederic"]
[Result "1-0"]
[WhiteElo "2222"]
[BlackElo "2147"]
[PlyCount "71"]
[EventDate "2001.10.27"]
[EventType "swiss"]
[EventRounds "7"]
[EventCountry "FRA"]
[SourceTitle "EXT 2003"]
[Source "ChessBase"]
[SourceDate "2002.11.25"]
[SourceVersion "1"]
[SourceVersionDate "2002.11.25"]
[SourceQuality "1"]

1. c4 c6 2. e4 d5 3. exd5 cxd5 4. d4 Nf6 5. Nc3 Nc6 6. Nf3 Bg4 7. cxd5 Nxd5 8. Qb3 Bxf3 9. gxf3 Nb6 10. Be3 e6 11. 0-0-0 Rc8 12. Kb1 Bb4 13. d5 Nxd5 14. Nxd5 exd5 15. Rxd5 Qf6 16. Bh3 0-0 17. Bxc8 Qxf3 18. Rhd1 Rxc8 19. a3 Qe4+ 20. Ka1 a5 21. Rd7 Qf3 22. axb4 axb4 23. Qd3 h6 24. Qd5 Qf6 25. Rxb7 Ra8+ 26. Kb1 Qg6+ 27. Qd3 Qe6 28. Rc7 Ne5 29. Qd5 Qf5+ 30. Kc1 Ra1+ 31. Kd2 Ra6 32. Ke2 Re6 33. Rg1 Qh5+ 34. Kf1 Qxh2 35. Qg2 Qh5 36. Qxg7# 1-0

[Event "Plancoet op 1st"]
[Site "Plancoet"]
[Date "2001.??.??"]
[Round "6"]
[White "Gicquel, Frederic"]
[Black "Le Du, Michel"]
[Result "1-0"]
[WhiteElo "2130"]
[BlackElo "2030"]
[PlyCount "125"]
[EventDate "2001.??.??"]
[EventType "swiss"]
[EventRounds "9"]
[EventCountry "FRA"]
[SourceTitle "EXT 2003"]
[Source "ChessBase"]
[SourceDate "2002.11.25"]
[SourceVersion "1"]
[SourceVersionDate "2002.11.25"]
[SourceQuality "1"]

1. e4 c5 2. Nc3 Nc6 3. f4 g6 4. Nf3 Bg7 5. Bb5 Nd4 6. Nxd4 cxd4 7. Ne2 Qb6 8. Ba4 Nf6 9. d3 0-0 10. Bb3 d6 11. h3 Nd7 12. c3 dxc3 13. bxc3 Qc7 14. Bd2 a6 15. 0-0 Nc5 16. Bc2 f5 17. Qe1 Bd7 18. e5 Kh8 19. d4 Ne4 20. Bb3 Bb5 21. Rc1 Bxe2 22. Qxe2 Ng3 23. Qf3 Nxf1 24. Rxf1 Rab8 25. Bc2 Bh6 26. e6 Bg7 27. Bd3 Rfc8 28. g4 Qc6 29. gxf5 Qxf3 30. Rxf3 gxf5 31. Bxf5 Bf6 32. Be4 b5 33. Kf1 a5 34. Ke2 b4 35. cxb4 axb4 36. d5 Bc3 37. Bc2 Bxd2 38. Kxd2 Rg8 39. f5 Rg2+ 40. Kd3 Rc8 41. Bb3 Rc3+ 42. Ke4 Re2+ 43. Kf4 Rxf3+ 44. Kxf3 Re5 45. Kf4 Kg7 46. Kg5 h6+ 47. Kg4 Kf6 48. Kh5 Rxf5+ 49. Kxh6 Rf3 50. h4 Rh3 51. h5 Rg3 52. Kh7 Rg5 53. Kh6 Rg2 54. Kh7 Kg5 55. Kg7 Rh2 56. Kf7 Rxh5 57. Kxe7 Rh7+ 58. Kxd6 Kf6 59. Kc5 Rh4 60. Bc4 Rh7 61. d6 Rh4 62. e7 Re4 63. Kxb4 1-0

[Event "FRA-chT3 01"]
[Site "France"]
[Date "2000.10.15"]
[Round "1"]
[White "Gicquel, Frederic"]
[Black "Beneteau, Hubert"]
[Result "1-0"]
[WhiteElo "2076"]
[BlackElo "2091"]
[PlyCount "63"]
[EventDate "2001.??.??"]
[EventType "team"]
[EventRounds "9"]
[EventCountry "FRA"]
[SourceTitle "EXT 2002"]
[Source "ChessBase"]
[SourceDate "2001.11.25"]
[SourceVersion "1"]
[SourceVersionDate "2001.11.25"]
[SourceQuality "1"]
[WhiteTeam "Yffiniac"]
[BlackTeam "Agneaux Saint Lo"]
[WhiteTeamCountry "FRA"]
[BlackTeamCountry "FRA"]

1. e4 c5 2. Nc3 Nc6 3. f4 g6 4. Nf3 Bg7 5. Bb5 e6 6. Bxc6 bxc6 7. e5 d5 8. exd6 Nf6 9. d3 Qxd6 10. 0-0 0-0 11. Qe1 c4 12. dxc4 Qc5+ 13. Be3 Qxc4 14. Ne5 Qb4 15. Rb1 Ba6 16. Rf3 c5 17. a3 Qa5 18. Rh3 Bb7 19. Qh4 Qc7 20. Nb5 Qd8 21. c4 a6 22. Nc3 Qc7 23. Na4 Nh5 24. Nxc5 Bf6 25. Qf2 Bxe5 26. fxe5 Qxe5 27. Nxb7 Qe4 28. Rf1 Qxb7 29. Rxh5 gxh5 30. Qf6 Rad8 31. Bh6 Qxb2 32. Qxb2 1-0